[Event "Cseppko op 09th"]
[Site "Aggtelek"]
[Date "2000.??.??"]
[Round "?"]
[White "Braun, Marton"]
[Black "Jammalieh, Fuad"]
[Result "1-0"]
[WhiteElo "2140"]
[BlackElo "2005"]
[PlyCount "56"]
[EventDate "2000.07.??"]
[EventType "swiss"]
[EventRounds "9"]
[EventCountry "HUN"]
[SourceTitle "EXT 2004"]
[Source "ChessBase"]
[SourceDate "2003.11.25"]
[SourceVersion "1"]
[SourceVersionDate "2003.11.25"]
[SourceQuality "1"]

1. d4 Nf6 2. c4 g6 3. Nc3 d5 4. cxd5 Nxd5 5. e4 Nxc3 6. bxc3 Bg7 7. Rb1 c5 8. Nf3 0-0 9. Be2 Nc6 10. d5 Bxc3+ 11. Bd2 Bxd2+ 12. Qxd2 Nb8 13. h4 Bg4 14. Rxb7 Nd7 15. 0-0 Bxf3 16. Bxf3 Ne5 17. Be2 Qd6 18. f4 Nc6 19. e5 Qd8 20. Bf3 Nd4 21. Qc3 Rc8 22. Qa3 a5 23. Rc1 Nxf3+ 24. Qxf3 Rc7 25. Rb5 Qa8 26. Rcxc5 Rxc5 27. Rxc5 Qa7 28. Qf2 Rb8 1-0

[Event "Cseppko op 09th"]
[Site "Aggtelek"]
[Date "2000.??.??"]
[Round "?"]
[White "Jammalieh, Fuad"]
[Black "Valko, Krisztian"]
[Result "0-1"]
[WhiteElo "2005"]
[BlackElo "2090"]
[PlyCount "59"]
[EventDate "2000.07.??"]
[EventType "swiss"]
[EventRounds "9"]
[EventCountry "HUN"]
[SourceTitle "EXT 2004"]
[Source "ChessBase"]
[SourceDate "2003.11.25"]
[SourceVersion "1"]
[SourceVersionDate "2003.11.25"]
[SourceQuality "1"]

1. d4 d5 2. Nf3 Nf6 3. Bf4 c6 4. c3 Bf5 5. Nbd2 e6 6. e3 Bd6 7. Ne5 Bxe5 8. Bxe5 0-0 9. h3 Nbd7 10. g4 Bg6 11. h4 h5 12. Bd6 Re8 13. g5 Ne4 14. Nxe4 Bxe4 15. Rg1 g6 16. Be2 e5 17. Bd3 exd4 18. cxd4 Qb6 19. b3 c5 20. Bxe4 dxe4 21. dxc5 Nxc5 22. Bxc5 Qxc5 23. Rc1 Qe5 24. Qd7 b6 25. Qc7 Qa5+ 26. Qc3 Qf5 27. Rg3 Red8 28. Qf6 Qa5+ 29. Qc3 Rac8 30. b4 0-1